[Event "1st Charlotte Masters 2021"]
[Site "Charlotte"]
[Date "2021.02.16"]
[Round "6.7"]
[White "Resika, Nathan"]
[Black "Perrine, Dalton"]
[Result "0-1"]
[WhiteElo "2155"]
[BlackElo "2247"]
[Annotator "TA"]
[PlyCount "64"]
[EventDate "2021.02.12"]
[EventType "swiss"]
[EventCountry "USA"]
[SourceTitle "playchess.com"]
[Source "ChessBase"]
[SourceQuality "1"]

{[%evp 9,64,-12,-7,-13,20,-34,-40,-214,-216,-205,-218,-208,-219,-212,-209,-236,-236,-255,-169,-204,-170,-167,-189,-478,-462,-409,-110,-92,0,0,1,0,0,0,0,0,-6,-106,-110,-110,-110,-159,-152,-152,-158,-145,-155,-666,-662,-625,-634,-29979,-29980,-29980,-29981,-29977,-29978]} 1. Nf3 d5 2. c4 d4 3. b4 g5 {[#]} 4. g3 $146 ({Predecessor:} 4. Qb3 Bg7 5. Nxg5 e5 6. d3 Bh6 7. f4 exf4 8. h4 Nc6 9. b5 Nce7 10. c5 Be6 11. Nxe6 fxe6 12. Qxe6 {0-1 (39) Howell,D (2663)-Navara,D (2719) chess24.com INT 2020}) 4... g4 5. Nh4 e5 6. Bg2 {A09: Réti Opening: 1 Nf3 d5 2 c4.} Be7 7. Bb2 ({White should try} 7. d3 $11) 7... Nh6 $15 8. h3 $2 (8. O-O $15) 8... Bxh4 $19 9. gxh4 gxh3 ({Worse is} 9... Qxh4 10. hxg4 Qxg4 11. Bf3 $11) 10. Bxh3 Bxh3 11. Rxh3 {[#]} Rg8 $1 {[%cal Rg8g1]} 12. Qa4+ Nc6 {[%cal Rg8g1]} 13. d3 Rg1+ 14. Kd2 Qf6 15. Rf3 Qxh4 16. Na3 $2 (16. b5 Nd8 17. b6+ Nc6 18. bxc7) 16... Rxa1 17. Bxa1 Qe7 $2 (17... e4 $19 {and Black stays clearly on top.} 18. dxe4 O-O-O) 18. b5 $17 Qb4+ (18... Nb8 $17 19. b6+ c6 20. bxa7 Nd7) 19. Qxb4 $11 Nxb4 20. Rh3 Ng4 21. Rxh7 {[#] Black must now prevent Rh8+.} Ke7 22. f4 a6 {[%cal Ba7a6,Ba6b5,Bb5c4][%mdl 32] aiming for ...axb5.} 23. fxe5 (23. Bb2 $11 {keeps the balance.}) 23... axb5 $17 24. Bxd4 {Hoping for Bc5+.} Rxa3 25. Bc5+ Ke6 26. Bxb4 Rxa2+ {[%mdl 4096] Endgame KRB-KRN} 27. Kc3 bxc4 ({Don't do} 27... Nxe5 28. Rh6+ Kd7 29. cxb5 $15) 28. d4 $2 (28. Rg7 $17 Nxe5 29. d4) 28... Ne3 $19 {[%csl Ge3][%cal Ra2c2]} 29. Bf8 Kd5 {( -> ...Nd1+)} 30. Rxf7 Nd1+ {Black mates.} 31. Kb4 Rb2+ 32. Ka5 Nc3 {[%csl Gc3][%cal Rb2b5] Weighted Error Value: White=1.03/Black=0.36} 0-1